| 000 | 00903nam a2200229 a 4500 | ||
|---|---|---|---|
| 001 | 22830 | ||
| 003 | CO-ViMGA | ||
| 008 | 141112s2004 ck r 000 u spa d | ||
| 020 | _a9701508203 | ||
| 040 |
_aCO-ViMGA _bspa _cCO-ViMGA |
||
| 082 | 0 | 4 | _a720.4 S371a |
| 100 | 1 |
_aSerra Florensa, Rafael _932667 |
|
| 245 | 1 | 0 | _aArquitectura y energìa natural |
| 260 |
_aColombia : _bAlfaomega |
||
| 300 | _a395p. | ||
| 505 | _aEl entorno humano y el papel de la energia, Definicion fisica del ambiente, Definicion psicologica del ambiente, Evolucion del control ambiental en al arquitectura, El clima y otras preexistencias ambientales | ||
| 650 | 1 | 4 |
_aARQUITECTURA - ASPECTOS AMBIENTALES _932668 |
| 650 | 1 | 4 |
_aARQUITECTURA - ASPECTOS AMBIENTALES - EVALUACION - PROGRAMAS PARA COMPUTADOR _932669 |
| 650 | 1 | 4 |
_aARQUITECTURA BIOCLIMATICA _932670 |
| 650 | 1 | 4 |
_aARQUITECTURA Y CLIMA _95742 |
| 942 |
_2ddc _cBK |
||
| 999 |
_c31126 _d31126 |
||